000 00348nam a2200145Ia 4500
008 191201s2003 xx 000 0 und d
082 _a005.72
_bPOH
100 _aPOWELL, Thomas A
245 4 _aThe Complete Reference HTML and XHTML
250 _a4th
260 _aN.Delhi
_bTMH
_c2003
300 _a944
650 _aB.Tech(CSE)
942 _2ddc
_cBK
999 _c1528
_d1528